ARRUPE JESUIT UNIVERSITY

CORONAVIRUS -STOP THE SPREAD - CLEAN,DISINFECT,COVER

The lost symbol / (Record no. 121152)

MARC details
000 -LEADER
fixed length control field 00455nam a22001577a 4500
008 - FIXED-LENGTH DATA ELEMENTS--GENERAL INFORMATION
fixed length control field 141031b xxu||||| |||| 00| 0 eng d
020 ## - INTERNATIONAL STANDARD BOOK NUMBER
International Standard Book Number 9780552149525
050 ## - LIBRARY OF CONGRESS CALL NUMBER
Classification number PS3552. R685434 L67
100 ## - MAIN ENTRY--PERSONAL NAME
Personal name Brown, Dan
9 (RLIN) 12303
245 ## - TITLE STATEMENT
Title The lost symbol /
Statement of responsibility, etc Dan Brown
260 ## - PUBLICATION, DISTRIBUTION, ETC. (IMPRINT)
Place of publication, distribution, etc Britian
Name of publisher, distributor, etc Corgi Books
Date of publication, distribution, etc 2009
300 ## - PHYSICAL DESCRIPTION
Extent 669p. :
Dimensions 20cm.
650 ## - SUBJECT ADDED ENTRY--TOPICAL TERM
Topical term or geographic name as entry element Freemasonry
General subdivision Fiction
9 (RLIN) 12304
650 ## - SUBJECT ADDED ENTRY--TOPICAL TERM
Topical term or geographic name as entry element Washington ,D.C
Form subdivision Fiction
9 (RLIN) 12305
942 ## - ADDED ENTRY ELEMENTS (KOHA)
Source of classification or shelving scheme Library of Congress Classification
Item type Monograph ( Printed materials)
Koha issues (borrowed), all copies 2
Holdings
Withdrawn status Lost status Source of classification or shelving scheme Damaged status Not for loan Collection code Home library Current library Shelving location Date acquired Total Checkouts Full call number Barcode Date last seen Date last borrowed Price effective from Koha item type
    Library of Congress Classification     Main Collection ARRUPE LIBRARY ARRUPE LIBRARY Main Collection 31/10/2014 3 PS3552. R685434 L67 46500003738 03/11/2017 05/10/2017 31/10/2014 Monograph ( Printed materials)

 

Arrupe Library. PO Box MP320 Mt Pleasant, Harare, Zimbabwe
263 242 745411|librarian@aju.ac.zw